Statistiques concernant Rappeurs/Rappeuses francophones qui ont performé chez ColorsxStudio

Cliquez ici pour prendre le quiz!

Statistiques générales

  • Ce quiz a été pris 210 fois
  • Le résultat moyen est 17 sur 46

Statistiques - réponses

Rappeur/RappeuseTitre% Correct
SCHLoup Noir
86%
Freeze CorleoneDesiigner
80%
Alpha WannPistolet Rose 2
74%
Hamza1994
72%
Guy2bezbarCracklanders
68%
Guy2bezbarSosa
68%
PLKDécembre
65%
GazoMolly
63%
Koba LaDGuedro
63%
LetoSosa
62%
NiskaBon Déjà
59%
JosmanV&V
56%
SofianeWindsor
56%
SadekChangement De Propriétaire
53%
SDMHier Encore
50%
NiroPapa Fait Le Pitre
48%
DinosArgentique
46%
CaballeroCalifornie
45%
JeanjassCalifornie
43%
Jazzy BazzP-Town Blues
39%
SiboyAu Revoir Merci
35%
KrisyJulio & Sa Gogo Danseuse
33%
KrisyBounce
33%
LuidjiLe Rouge
31%
LomepalTout Lâcher
30%
S. Pri NoirChico
30%
Benjamiin EppsCe Que Le Pips Demande
29%
B.B JacquesRainbow
25%
DossehVrai
21%
Jok'airL'étrangère
21%
FrenetikInfrarouge
20%
Zuukou MayzieHaku
20%
Capitaine RoshiPigalle
18%
SopicoDead
16%
SopicoLe Hasard Ou La Chance
16%
Lala &ceParapluie
14%
MairoAttentat Uzi
14%
Nahir93 dégrés
12%
LefaSeul
11%
DoumsIntro
10%
Prince WalyBroke/Miroir
10%
Lous and the YakuzaBon Acteur
9%
SlimkaSelf Made
9%
Oxmo PuccinoLe Droit De Chanter
8%
Tedax MaxJ'te Jure
4%
Moka BokaSourire
1%

Distribution des résultats

Percentile par nombre de réponses

% des personnes avec chaque résultat

Votre développement - résultats

Vous n’avez pas pris ce quiz